| 000 | 00441nam a22001697a 4500 | ||
|---|---|---|---|
| 003 | LK-CoMWRAF | ||
| 005 | 20240701123305.0 | ||
| 008 | 240626b |||||||| |||| 00| 0 eng d | ||
| 040 |
_aLK-CoMWRAF _dLK-CoMWRAF _eLK-CoMWRAF |
||
| 041 | _aeng | ||
| 082 |
_a170 _bMOR |
||
| 245 |
_aMoral Science series: _bbook VII (for standard IX) |
||
| 260 |
_aChennai: _bMacmillan, _c1971 |
||
| 300 | _a138 p.; ill. | ||
| 650 | _aMORAL SCIENCE | ||
| 942 | _cBK | ||
| 999 |
_c4945 _d4945 |
||